<?xml version="1.0" encoding="UTF-8"?>
<record
    xmlns:xsi="http://www.w3.org/2001/XMLSchema-instance"
    xsi:schemaLocation="http://www.loc.gov/MARC21/slim http://www.loc.gov/standards/marcxml/schema/MARC21slim.xsd"
    xmlns="http://www.loc.gov/MARC21/slim">

  <leader>03253njm a2200565Ia 4500</leader>
  <controlfield tag="001">25594</controlfield>
  <controlfield tag="003">IT-RoPAU</controlfield>
  <controlfield tag="005">20220918181125.0</controlfield>
  <controlfield tag="008">131025s9999    xx            000 0 und d</controlfield>
  <datafield tag="040" ind1=" " ind2=" ">
    <subfield code="a">IT-RoPAU</subfield>
  </datafield>
  <datafield tag="040" ind1=" " ind2=" ">
    <subfield code="c">IT-RoPAU</subfield>
  </datafield>
  <datafield tag="999" ind1=" " ind2=" ">
    <subfield code="c">100059</subfield>
    <subfield code="d">100059</subfield>
  </datafield>
  <datafield tag="999" ind1=" " ind2=" ">
    <subfield code="b">n.d.</subfield>
  </datafield>
  <datafield tag="100" ind1=" " ind2=" ">
    <subfield code="a">AA.VV.</subfield>
    <subfield code="9">794</subfield>
  </datafield>
  <datafield tag="100" ind1=" " ind2=" ">
    <subfield code="e">Autore musica</subfield>
    <subfield code="9">12327</subfield>
  </datafield>
  <datafield tag="100" ind1=" " ind2=" ">
    <subfield code="g">Codice autore musica SPICS: 12000</subfield>
    <subfield code="9">796</subfield>
  </datafield>
  <datafield tag="245" ind1=" " ind2=" ">
    <subfield code="a">Prestige de Paris</subfield>
  </datafield>
  <datafield tag="250" ind1=" " ind2=" ">
    <subfield code="a">1a ed.</subfield>
  </datafield>
  <datafield tag="260" ind1=" " ind2=" ">
    <subfield code="a">FRANCE</subfield>
  </datafield>
  <datafield tag="260" ind1=" " ind2=" ">
    <subfield code="b">PHILIPS</subfield>
  </datafield>
  <datafield tag="300" ind1=" " ind2=" ">
    <subfield code="a">DISCO</subfield>
  </datafield>
  <datafield tag="300" ind1=" " ind2=" ">
    <subfield code="c">28 minuti (Testo:  pag.)</subfield>
  </datafield>
  <datafield tag="500" ind1=" " ind2=" ">
    <subfield code="a">Musica strumentale. Arrangiamento</subfield>
  </datafield>
  <datafield tag="505" ind1=" " ind2=" ">
    <subfield code="a">C'est si bon (3:00) - Sous les ponts de Paris (3:00) - La vie en rose (3:00) - Moulin Rouge (3:00) - Domino (3:00) - La mer (3:00) - La goulante du Pauvre Jean (3:00) - Les feuilles mortes (3:00) - La seine  (3:00) - Parlez moi d'amour (3:00) - Fascination (3:00) - Mon homme (3:00)</subfield>
  </datafield>
  <datafield tag="650" ind1=" " ind2=" ">
    <subfield code="a">ARRANGIAMENTO [DISCHI]</subfield>
    <subfield code="e">Codice MATERIA SPICS: 9950</subfield>
    <subfield code="9">12328</subfield>
  </datafield>
  <datafield tag="700" ind1=" " ind2=" ">
    <subfield code="a">Mauriat Paul</subfield>
    <subfield code="g">Codice interprete SPICS: 8082</subfield>
    <subfield code="e">Interprete</subfield>
    <subfield code="9">9548</subfield>
  </datafield>
  <datafield tag="700" ind1=" " ind2=" ">
    <subfield code="a">Betti Henry</subfield>
    <subfield code="g">Codice autore musica SPICS: 14429</subfield>
    <subfield code="e">Autore musica</subfield>
    <subfield code="p">C'est si bon</subfield>
    <subfield code="9">12329</subfield>
  </datafield>
  <datafield tag="700" ind1=" " ind2=" ">
    <subfield code="a">Horner A.</subfield>
    <subfield code="g">Codice autore SPICS: 15880</subfield>
    <subfield code="e">Autore</subfield>
    <subfield code="p">C'est si bon</subfield>
    <subfield code="9">12330</subfield>
  </datafield>
  <datafield tag="700" ind1=" " ind2=" ">
    <subfield code="a">Scotto Vincent</subfield>
    <subfield code="g">Codice autore musica SPICS: 13394</subfield>
    <subfield code="e">Autore musica</subfield>
    <subfield code="p">Sous les ponts de Paris</subfield>
    <subfield code="9">12331</subfield>
  </datafield>
  <datafield tag="700" ind1=" " ind2=" ">
    <subfield code="a">Rodor J.</subfield>
    <subfield code="g">Codice autore SPICS: 15881</subfield>
    <subfield code="e">Autore</subfield>
    <subfield code="p">Sous les ponts de Paris</subfield>
    <subfield code="9">12332</subfield>
  </datafield>
  <datafield tag="700" ind1=" " ind2=" ">
    <subfield code="a">Louigny</subfield>
    <subfield code="g">Codice autore musica SPICS: 14414</subfield>
    <subfield code="e">Autore musica</subfield>
    <subfield code="p">La vie en rose</subfield>
    <subfield code="9">12333</subfield>
  </datafield>
  <datafield tag="700" ind1=" " ind2=" ">
    <subfield code="a">Piaf Edith</subfield>
    <subfield code="g">Codice autore SPICS: 11566</subfield>
    <subfield code="e">Autore</subfield>
    <subfield code="p">La vie en rose</subfield>
    <subfield code="9">12334</subfield>
  </datafield>
  <datafield tag="700" ind1=" " ind2=" ">
    <subfield code="a">Auric George</subfield>
    <subfield code="g">Codice autore musica SPICS: 14416</subfield>
    <subfield code="e">Autore musica</subfield>
    <subfield code="p">Moulin Rouge</subfield>
    <subfield code="9">12335</subfield>
  </datafield>
  <datafield tag="700" ind1=" " ind2=" ">
    <subfield code="a">Larue Jacques</subfield>
    <subfield code="g">Codice autore SPICS: 15882</subfield>
    <subfield code="e">Autore</subfield>
    <subfield code="p">Moulin Rouge</subfield>
    <subfield code="9">12336</subfield>
  </datafield>
  <datafield tag="700" ind1=" " ind2=" ">
    <subfield code="a">Ferrari F.</subfield>
    <subfield code="g">Codice autore musica SPICS: 14459</subfield>
    <subfield code="e">Autore musica</subfield>
    <subfield code="p">Domino</subfield>
    <subfield code="9">12337</subfield>
  </datafield>
  <datafield tag="700" ind1=" " ind2=" ">
    <subfield code="a">Raye Don</subfield>
    <subfield code="g">Codice autore SPICS: 20467</subfield>
    <subfield code="e">Autore</subfield>
    <subfield code="p">Domino</subfield>
    <subfield code="9">12338</subfield>
  </datafield>
  <datafield tag="700" ind1=" " ind2=" ">
    <subfield code="a">Plante J.</subfield>
    <subfield code="g">Codice autore testo/musica SPICS: 15883</subfield>
    <subfield code="e">Autore testo/musica</subfield>
    <subfield code="p">Domino - Mon homme</subfield>
    <subfield code="9">12339</subfield>
  </datafield>
  <datafield tag="700" ind1=" " ind2=" ">
    <subfield code="a">Trenet Charles</subfield>
    <subfield code="g">Codice autore musica SPICS: 14412</subfield>
    <subfield code="e">Autore musica</subfield>
    <subfield code="p">La mer</subfield>
    <subfield code="9">12340</subfield>
  </datafield>
  <datafield tag="700" ind1=" " ind2=" ">
    <subfield code="a">Monnot M.</subfield>
    <subfield code="g">Codice autore musica SPICS: 14384</subfield>
    <subfield code="e">Autore musica</subfield>
    <subfield code="p">La goulante du Pauvre Jean</subfield>
    <subfield code="9">12341</subfield>
  </datafield>
  <datafield tag="700" ind1=" " ind2=" ">
    <subfield code="a">Rouzaud</subfield>
    <subfield code="g">Codice autore SPICS: 14385</subfield>
    <subfield code="e">Autore</subfield>
    <subfield code="p">La goulante du Pauvre Jean</subfield>
    <subfield code="9">12342</subfield>
  </datafield>
  <datafield tag="700" ind1=" " ind2=" ">
    <subfield code="a">Prevert Jacques</subfield>
    <subfield code="g">Codice autore musica SPICS: 2341</subfield>
    <subfield code="e">Autore musica</subfield>
    <subfield code="p">Les feuilles mortes</subfield>
    <subfield code="9">12343</subfield>
  </datafield>
  <datafield tag="700" ind1=" " ind2=" ">
    <subfield code="a">Kosma Joseph</subfield>
    <subfield code="g">Codice autore SPICS: 15815</subfield>
    <subfield code="e">Autore musica</subfield>
    <subfield code="p">Les feuilles mortes</subfield>
    <subfield code="9">12344</subfield>
  </datafield>
  <datafield tag="700" ind1=" " ind2=" ">
    <subfield code="a">Lafargue G.</subfield>
    <subfield code="g">Codice autore musica SPICS: 15884</subfield>
    <subfield code="e">Autore musica</subfield>
    <subfield code="p">La seine</subfield>
    <subfield code="9">12345</subfield>
  </datafield>
  <datafield tag="700" ind1=" " ind2=" ">
    <subfield code="a">Monod F.</subfield>
    <subfield code="g">Codice autore SPICS: 15885</subfield>
    <subfield code="e">Autore</subfield>
    <subfield code="p">La seine</subfield>
    <subfield code="9">12346</subfield>
  </datafield>
  <datafield tag="700" ind1=" " ind2=" ">
    <subfield code="a">Renoir Jean</subfield>
    <subfield code="g">Codice autore musica SPICS: 2117</subfield>
    <subfield code="e">Autore musica</subfield>
    <subfield code="p">Parlez moi d'amour</subfield>
    <subfield code="9">12347</subfield>
  </datafield>
  <datafield tag="700" ind1=" " ind2=" ">
    <subfield code="a">Marchetti F.D.</subfield>
    <subfield code="g">Codice autore musica SPICS: 27580</subfield>
    <subfield code="e">Autore musica</subfield>
    <subfield code="p">Fascination</subfield>
    <subfield code="9">12348</subfield>
  </datafield>
  <datafield tag="700" ind1=" " ind2=" ">
    <subfield code="a">De Feraudy M.</subfield>
    <subfield code="g">Codice autore SPICS: 15886</subfield>
    <subfield code="e">Autore</subfield>
    <subfield code="p">Fascination</subfield>
    <subfield code="9">12349</subfield>
  </datafield>
  <datafield tag="700" ind1=" " ind2=" ">
    <subfield code="a">Yvain M.</subfield>
    <subfield code="g">Codice autore musica SPICS: 15810</subfield>
    <subfield code="e">Autore musica</subfield>
    <subfield code="p">Mon homme</subfield>
    <subfield code="9">12350</subfield>
  </datafield>
  <datafield tag="700" ind1=" " ind2=" ">
    <subfield code="a">Willemetz A.</subfield>
    <subfield code="g">Codice autore SPICS: 15811</subfield>
    <subfield code="e">Autore</subfield>
    <subfield code="p">Mon homme</subfield>
    <subfield code="9">12351</subfield>
  </datafield>
  <datafield tag="942" ind1=" " ind2=" ">
    <subfield code="c">MD</subfield>
    <subfield code="2">ddc</subfield>
  </datafield>
  <datafield tag="952" ind1=" " ind2=" ">
    <subfield code="0">0</subfield>
    <subfield code="1">0</subfield>
    <subfield code="4">0</subfield>
    <subfield code="6">25594_000000000000000</subfield>
    <subfield code="7">1</subfield>
    <subfield code="a">SPICS</subfield>
    <subfield code="b">SPICS</subfield>
    <subfield code="d">2013-10-25</subfield>
    <subfield code="l">0</subfield>
    <subfield code="o">25594</subfield>
    <subfield code="r">2013-10-25 00:00:00</subfield>
    <subfield code="w">2013-10-25</subfield>
    <subfield code="y">MD</subfield>
    <subfield code="z">Progr. Ins.: 5468 / N.Vol.: 1 / Copie: 1 - Copia rara: n.d. / date import: 01.01.2014 - By Epidotti, Trombetti, Vaglietti</subfield>
  </datafield>
</record>
